000
00321nam a2200145Ia 4500
008
200615s9999||||xx |||||||||||||| ||und||
020
_a
9789385039171
082
_a
620
_b
ENG-R
100
_a
RANGWALA,SC
245
0
_a
ENGINEERING MATERIAL
250
_a
43RD
260
_b
CHARATAR
_c
2016
300
_a
200
942
_c
BK
999
_c
29496
_d
29496